| 000 | 01471nam a22003137a 4500 | ||
|---|---|---|---|
| 005 | 20240530110341.0 | ||
| 008 | 141111s2011 ua fr 000 0 ara d | ||
| 017 |
_a2987/2011 _2مصر . دار الكتب المصرية |
||
| 040 | _aEG-CaGPL | ||
| 041 | 0 | _aara | |
| 082 | 0 | 4 |
_221 _a352.63 _bق/ع إ |
| 245 | 1 |
_aاصلاح الخدمة المدنية فى مصر / _cعالية عبدالحميد عارف ... [ واخ ] ؛ تقديم مصطفى كامل السيد ؛ تحرير علاء الدين عرفات |
|
| 260 |
_aالقاهرة : _bشركاء التنمية للبحوث والاستشارات والتدريب ، _c2011 |
||
| 300 |
_a260 ص ؛ _c24 سم |
||
| 650 | 0 | 4 |
_aالاصلاح الادارى _zمصر |
| 650 | 0 | 4 | _aالاصلاح الجتماعى |
| 650 | 0 | 4 | _aتكافؤ الفرص |
| 650 | 0 | 4 |
_aالفرصة المرئية _xاصلاح |
| 650 | 0 | 4 | _aالادارة العامة |
| 650 | 0 | 4 | _aالبيروقراطية |
| 700 | 0 |
_aممدوح مصطفى اسماعيل _eمؤلف مشارك |
|
| 700 | 0 |
_aمحمد الراوى _dمؤلف مشارك |
|
| 700 | 0 |
_aعبدالفتاح الجبالى _eمؤلف مشارك |
|
| 700 | 0 |
_aعالية عبدالحميد عارف _eمؤلف مشارك |
|
| 700 | 0 |
_aمصطفى كامل السيد _eمقدم |
|
| 700 | 0 |
_aعلاءالدين عرفات _eمحرر |
|
| 942 |
_2ddc _cBK |
||
| 999 |
_c59878 _d59878 |
||